000 00634nam a22002177a 4500
005 20160628163533.0
010 _aENG-115327
020 _a9789351438717
_c2495.00
035 _aEN-98859
037 _bDBAD/PUB
082 _a346.03
100 _aRatan Lal
245 _aThe law of torts /
_cby Ratan Lal [and] Dhiraj Lal
250 _a27th edition
260 _aGurgaon
_bLexisNexis
_c2016
270 _a14th floor,Buiding N0-10,Tower-B,DLF Cyber City,Phase-II
_bGurgaon
_e122002
300 _axxxix,901p.
_c24cm(Hb)
500 _aIncludes Index
700 _aDhiraj Lal
942 _2ddc
_cEN
_mRAT
_h346.03
999 _c100539
_d100539